000 00482nam a2200181Ia 4500
001 17025
005 20260306170354.0
008 260306t2011||||xx |||||||||||||| ||und||
041 _aESP
082 _a657.42
_bR63 2011 P. 2
100 _aRío González, Cristóbal del
_eAUT
245 0 _aCostos II:
_bpredeterminados, de operaciones, en común o conjunta, y costo variable
260 _c2011
300 _a
_c
650 _aGEN
654 _aCCO
942 _cLIB
_dJUS
_fJUS
_2ddc
_n
999 _c17025
_d17025